UM Logo

Effects of mother tongue subject on grade IV spelling performance in english in new ilocos elementary school / (Record no. 10099)

MARC details
000 -LEADER
fixed length control field 00657nam a22001697a 4500
008 - FIXED-LENGTH DATA ELEMENTS--GENERAL INFORMATION
fixed length control field 180801b ||||| |||| 00| 0 eng d
082 ## - DEWEY DECIMAL CLASSIFICATION NUMBER
Edition number 2017
Classification number UT 0967
Item number Q69
100 ## - MAIN ENTRY--PERSONAL NAME
9 (RLIN) 29814
Personal name Quimada, Marissa
245 ## - TITLE STATEMENT
Title Effects of mother tongue subject on grade IV spelling performance in english in new ilocos elementary school /
Statement of responsibility, etc. Marissa Quimada, Hanjely Serapion, Laiza Soledad
260 ## - PUBLICATION, DISTRIBUTION, ETC. (IMPRINT)
Place of publication, distribution, etc. Digos City :
Name of publisher, distributor, etc. UMDC
Date of publication, distribution, etc. November 2017
300 ## - PHYSICAL DESCRIPTION
Extent 50 pages ;
Other physical details 29 cm.
650 #0 - SUBJECT ADDED ENTRY--TOPICAL TERM
9 (RLIN) 29816
Topical term or geographic name as entry element Education
Form subdivision Elementary
General subdivision Undergraduate thesis.
700 ## - ADDED ENTRY--PERSONAL NAME
9 (RLIN) 29817
Personal name Quimada, Marissa
700 ## - ADDED ENTRY--PERSONAL NAME
9 (RLIN) 29818
Personal name Serapion, Hanjely
700 ## - ADDED ENTRY--PERSONAL NAME
9 (RLIN) 29819
Personal name Soledad, Laiza
942 ## - ADDED ENTRY ELEMENTS (KOHA)
Source of classification or shelving scheme Dewey Decimal Classification
Koha item type Undergraduate Thesis
Holdings
Withdrawn status Lost status Source of classification or shelving scheme Damaged status Not for loan Home library Current library Date acquired Total Checkouts Full call number Barcode Date last seen Copy number Price effective from Koha item type
    Dewey Decimal Classification     UM Digos College - LIC UM Digos College - LIC 07/12/2018   UT 0967 Q69 2017 0967 05/15/2025 1 08/01/2018 Undergraduate Thesis